Ο αθάνατος αυτοκράτορας : η ζωή και ο μύθος του Κωνσταντίνου Παλαιολόγου, τελευταίου αυτοκράτορα του Βυζαντίου
Αποθηκεύτηκε σε:
| Κύριος συγγραφέας: | |
|---|---|
| Μορφή: | Βιβλίο |
| Γλώσσα: | Greek |
| Δημοσίευση: |
Αθήνα :
Ελληνική Eυρωεκδοτική,
1992.
|
| Θέματα: | |
| Ετικέτες: |
Προσθήκη ετικέτας
Δεν υπάρχουν, Καταχωρήστε ετικέτα πρώτοι!
|
MARC
| LEADER | 00000nam a2200000 i 4500 | ||
|---|---|---|---|
| 001 | 1/8494 | ||
| 008 | 961105s1993####gr ||| | gre|| | ||
| 020 | |a 9602410396 | ||
| 035 | |l 10017114 | ||
| 040 | |a GR-MY-UA |b gre |e aacr | ||
| 041 | 0 | |a gre | |
| 082 | 0 | |a 938.388 | |
| 100 | 1 | |a Nicol, Donald M. | |
| 245 | 1 | 2 | |a Ο αθάνατος αυτοκράτορας : |b η ζωή και ο μύθος του Κωνσταντίνου Παλαιολόγου, τελευταίου αυτοκράτορα του Βυζαντίου / |c Donald M. Nicol. |
| 260 | |a Αθήνα : |b Ελληνική Eυρωεκδοτική, |c 1992. | ||
| 300 | |a 230 σ. ; |b εικ. | ||
| 504 | |a Περιέχει βιβλιογραφία. | ||
| 500 | |a Μετάφραση του: The immortal emperor: the life and legend of Constantine Palaiologos, last emperor of the Romans. | ||
| 600 | 1 | 0 | |a Κωνσταντίνος Παλαιολόγος |c Αυτοκράτορας του Βυζαντίου |d 1404-1453. |
| 650 | 0 | 0 | |a Emperors |z Byzantine Empire |x Biography. |
| 852 | |a INST |b LESVOS |e 19961105 |h 938.388 NIC |p 005100012630 |q 005100012630 |t BK |y 0 | ||
| 909 | |a Λ |b 048682 | ||